Quizzes
Events
Quiz Creation
Community
Videos
Private Events
Remove Ads
Sign In
Join for FREE
Feedback
Dark Mode
Quiz Categories
Sports
Geography
Music
Movies
Television
Just For Fun
Miscellaneous
History
Literature
Language
Science
Gaming
Entertainment
Religion
Holiday
For Kids
Quiz Lab
Recent
Popular Today
Quiz Kudos Today
Editor Picks
Curator Picks
Quizzes by...
Day
Popularity
Type
Ratings
Length
Year
Community
Subscriptions
Recent Discussions
Orange Saloon
Badges
Playlists
Quests
Create
Leaderboards
Showdown
Live 5
Trivia Bingo
Activity
Puzzle Library
Sporcle Events
Private Events
Virtual Trivia
Globe League
Become a Host
Pub Owners
SporcleCon
Opinionation
Our Games
Videos
Blog
Mobile Apps
Partnerships
Remove Ads and Go Orange
Feedback
Television
TV Characters
TV Show
Sitcom
Network
Friends
Reality Shows
Cast
South Park
Star Trek
The Simpsons
Doctor Who
Television
TV Characters
TV Show
Sitcom
Network
Friends
Reality Shows
Cast
South Park
Star Trek
The Simpsons
Doctor Who
Random Quiz
Search Sporcle
×
Editor Pick
Editor Pick
Television
Cast
Type in answers that appear in a list
Type in answers that appear in a list
Classic
Best Score? Go Orange.
SNL Cast (1999-2009) Stats
Can you name the SNL cast members by since 1999?
By
YanksNY12225
15m
158 Questions
4,317 Plays
4,317 Plays
4,317 Plays
Comments
Comments
Give Quiz Kudos
Give Quiz Kudos
-
- Ratings
hide this ad
More Info
Replay
Link that replays current quiz
Next Quiz
Link to next quiz in quiz playlist
You Got
0%
They Got
Avg Score
62%
Avg Friend Score
Upgrade to see
Score Distribution
Jump to the score distribution portion of the page
Score
0/158
Timer
15:00
0
Plays Today
Year
Cast Member
% Correct
2000
Tina Fey
95.4%
2001
Tina Fey
95.4%
2002
Tina Fey
95.4%
2003
Tina Fey
95.4%
2004
Tina Fey
95.4%
2005
Tina Fey
95.4%
1999
Will Ferrell
89.3%
2000
Will Ferrell
89.3%
2001
Will Ferrell
89.3%
2002
Will Ferrell
89.3%
2001
Amy Poehler
86%
2002
Amy Poehler
86%
2003
Amy Poehler
86%
2004
Amy Poehler
86%
2005
Amy Poehler
86%
2006
Amy Poehler
86%
2007
Amy Poehler
86%
2008
Amy Poehler
86%
2003
Kenan Thompson
81.2%
2004
Kenan Thompson
81.2%
2005
Kenan Thompson
81.2%
2006
Kenan Thompson
81.2%
2007
Kenan Thompson
81.2%
2008
Kenan Thompson
81.2%
2009
Kenan Thompson
81.2%
1999
Jimmy Fallon
81.1%
2000
Jimmy Fallon
81.1%
2001
Jimmy Fallon
81.1%
2002
Jimmy Fallon
81.1%
2003
Jimmy Fallon
81.1%
2001
Seth Meyers
78.5%
2002
Seth Meyers
78.5%
2003
Seth Meyers
78.5%
2004
Seth Meyers
78.5%
2005
Seth Meyers
78.5%
2006
Seth Meyers
78.5%
2007
Seth Meyers
78.5%
2008
Seth Meyers
78.5%
2009
Seth Meyers
78.5%
2005
Andy Samberg
73.6%
2006
Andy Samberg
73.6%
2007
Andy Samberg
73.6%
2008
Andy Samberg
73.6%
2009
Andy Samberg
73.6%
2002
Will Forte
70%
2003
Will Forte
70%
2004
Will Forte
70%
2005
Will Forte
70%
2006
Will Forte
69.9%
2007
Will Forte
69.9%
2008
Will Forte
69.9%
2009
Will Forte
69.9%
1999
Darrell Hammond
69.9%
Year
Cast Member
% Correct
2000
Darrell Hammond
69.9%
2001
Darrell Hammond
69.9%
2002
Darrell Hammond
69.9%
2003
Darrell Hammond
69.9%
2004
Darrell Hammond
69.9%
2005
Darrell Hammond
69.9%
2006
Darrell Hammond
69.9%
2007
Darrell Hammond
69.9%
2008
Darrell Hammond
69.9%
1999
Maya Rudolph
69.4%
2000
Maya Rudolph
69.4%
2001
Maya Rudolph
69.4%
2002
Maya Rudolph
69.4%
2003
Maya Rudolph
69.4%
2004
Maya Rudolph
69.4%
2005
Maya Rudolph
69.4%
2006
Maya Rudolph
69.4%
2007
Maya Rudolph
69.4%
2005
Kristin Wiig
68.2%
2006
Kristin Wiig
68.2%
2007
Kristin Wiig
68.2%
2008
Kristin Wiig
68.2%
2009
Kristin Wiig
68.2%
1999
Horatio Sanz
67.1%
2000
Horatio Sanz
67.1%
2001
Horatio Sanz
67.1%
2002
Horatio Sanz
67.1%
2003
Horatio Sanz
67.1%
2004
Horatio Sanz
67.1%
2005
Horatio Sanz
67.1%
1999
Molly Shannon
64%
2000
Molly Shannon
64%
2005
Bill Hader
63.3%
2006
Bill Hader
63.3%
2007
Bill Hader
63.3%
2008
Bill Hader
63.3%
2009
Bill Hader
63.3%
2002
Fred Armisen
62.9%
2003
Fred Armisen
62.9%
2004
Fred Armisen
62.9%
2005
Fred Armisen
62.9%
2006
Fred Armisen
62.9%
2007
Fred Armisen
62.9%
2008
Fred Armisen
62.9%
2009
Fred Armisen
62.9%
1999
Chris Kattan
59.9%
2000
Chris Kattan
59.9%
2001
Chris Kattan
59.9%
2002
Chris Kattan
59.9%
1999
Rachel Dratch
59.7%
2000
Rachel Dratch
59.7%
2001
Rachel Dratch
59.7%
2002
Rachel Dratch
59.7%
Year
Cast Member
% Correct
2003
Rachel Dratch
59.7%
2004
Rachel Dratch
59.7%
2005
Rachel Dratch
59.7%
1999
Tracy Morgan
58.9%
2000
Tracy Morgan
58.9%
2001
Tracy Morgan
58.9%
1999
Ana Gasteyer
58.2%
2000
Ana Gasteyer
58.2%
2001
Ana Gasteyer
58.2%
1999
Cheri Oteri
55.7%
1999
Chris Parnell
54.2%
2000
Chris Parnell
54.2%
2001
Chris Parnell
54.2%
2002
Chris Parnell
54.2%
2003
Chris Parnell
54.2%
2004
Chris Parnell
54.2%
2005
Chris Parnell
54.2%
1999
Tim Meadows
53.3%
2005
Jason Sudeikis
53.3%
2006
Jason Sudeikis
53.2%
2007
Jason Sudeikis
53.2%
2008
Jason Sudeikis
53.2%
2009
Jason Sudeikis
53.2%
2008
Abby Elliott
43.1%
2009
Abby Elliott
43.1%
2008
Bobby Moynihan
41.3%
2009
Bobby Moynihan
41.3%
2003
Finesse Mitchell
37.3%
2004
Finesse Mitchell
37.3%
2005
Finesse Mitchell
37.3%
1999
Colin Quinn
32.9%
2009
Jenny Slate
32.8%
2009
Nasim Pedrad
31.5%
2007
Casey Wilson
29.1%
2008
Casey Wilson
29.1%
2010
Bill Hader
23.9%
2010
Kenan Thompson
23.9%
2010
Jason Sudeikis
22.8%
2008
Michaela Watkins
21.3%
2010
Bobby Moynihan
20.4%
2010
Andy Samberg
20.2%
2010
Fred Armisen
19.9%
2010
Abby Elliott
19.5%
2010
Seth Meyers
19.3%
2004
Rob Riggle
18.7%
2001
Jeff Richards
17%
2002
Jeff Richards
17%
2003
Jeff Richards
17%
2001
Dean Edwards
16.9%
2002
Dean Edwards
16.9%
2000
Jerry Minor
15.6%
2010
Kristen Wiig
11.9%
Quiz Playlist
Details
Report
Send in Message
Add To Playlist
More Info:
Note: Only includes the years of which they were full cast members not just "Featured"
Classic:
Type in answers that appear in a list
Quiz Source
Last Updated: Feb 16, 2017
Editor Pick in
Television
Quiz Scoreboard
CHALLENGE
Sign Up to Join the Scoreboard
Show All
Scores
Hide
Comments
May contain spoilers
Recently Published
9x9 Crossword: Cartoon Network
by jackfrog10
Miscellaneous
3m
College Basketball Coaching Resumes
by pancakes188
Sports
9m
Billboard Blitz: Fleetwood Mac
by CooCooCachoo
Music
15s
More to Explore
Quiz From the Vault
Featured Blog Post
Where Did the Easter Bunny Come From?
hide this ad
You Might Also Like...
Tags
Cast Quiz
1999
snl
SNL Cast
Today's Top Quizzes in Television
Browse Television
hide this ad
Today's Top Quizzes in Cast
Browse Cast
Top Contributed Quizzes in Television
1
5-to-1: The Simpsons Families
2
5-to-1: Television Doctors
3
7-to-1: TV Show Settings
4
Adjectives in 00s TV Shows
5
Adjectives in 80s TV Shows
6
5-to-1: Streaming Originals
7
Adjectives in 10s TV Shows
8
Survivor Seasons
9
One Piece Logic Puzzle
10
All US Survivor Seasons in Order
Explore More
Trending Topics
Marvel
Harry Potter
Anime
Kpop
Disney
Crossword
NBA
The Office
Puzzle
Country
Soccer
WWE
NFL
Song
Pokémon
hide this ad
More By:
YanksNY12225
Quiz
Plays
Rating
Category
Featured
Created
Red Hot Chili Peppers Opening Lyrics
7,937
4.19
Music
Nov 16, 2009
SNL Cast (1999-2009)
4,317
4.20
Television
Oct 4, 2009
MLB All-Century Team
3,957
4.39
Sports
Sep 23, 2009
New York Yankees All-Time Hit Leaders
2,055
4.08
Sports
Sep 23, 2009
2009 NFL Weekly Stat Leaders
693
4.22
Sports
Jan 5, 2010
Go to Creator's Profile
Score Distribution
Quiz Creator Spotlight
YanksNY12225
Follow
Send a Message
Quizzes Created
-
Created Quiz Play Count
-
More By This Creator
Popular Quizzes Today
1
Find the US States - No Outlines Minefield
2
Find the Countries of Europe - No Outlines Minefield
3
The Countries of the World
4
Find the US States
5
Risky Map Clicking: Biggest States A-Z
6
US States
7
Popular People in 1961
8
Movies - When Are They Set?
More Television Quizzes
Television Speed-Picking
Published
Trending Quizzes
Risky Map Clicking: Least Populous States A-Z
1-10 Letter G Words
1-10 Letter F Words
Risky Map Clicking: Next State Alphabetically
Adjectives in 80s TV Shows
Recently Updated
Leaping Animals
pecheneg
Reality TV Shows (A-Z)
bhenderson79
Rickey Henderson's Hall of Fame Teammates
pecheneg
Champions League XIs: Arsenal
pecheneg
Quick Pick: Celebrities in WWE's Hall of Fame
aduchscher
A-Z Keypad Blitz II
pecheneg
Multiple Oscar Actors
pecheneg
Mystery Phrase Blitz: Oscar 'Best Actors'
pecheneg
F. Scott Fitzgerald Novels
LTH
Pick 3 Villains
ddd62291
Trending Topics
Disney
Harry Potter
Kpop
Crossword
NBA
Marvel
Anime
Soccer
NFL
WWE
Puzzle
Country
Song
Pokémon
The Office
Your Account Isn't Verified!
In order to create a playlist on Sporcle, you need to verify the email address you used during registration. Go to your
Sporcle Settings
to finish the process.
Report this User
Report this user for behavior that violates our
Community Guidelines
.
Details:
Send Report
Go to the Sporcle.com Mobile Site →
Comments